000
00331nam a2200145Ia 4500
008
150201s2009 xx 000 0 und d
082
_a
615.8
_b
A09B
100
_a
BOBATH, BERTA
245
_a
ADULT HEMIPLEGIA
250
_a
1ST
260
_b
ELSEVIER
_a
NOIDA
_c
2009
300
_a
1-190
650
_a
PHYSIOTHERAPY
942
_2
ddc
_c
BK
999
_c
1398
_d
1398